Материалы 56-й Всероссийской научно-практической конференции с международным участием молодых ученых, специалистов-агрохимиков и экологов, посвященной 150-летию со дня рождения академика Константина Каэтановича Гедройца "Современные проблемы агрохимии, агропочвоведения и агроэкологии" (28 ноября 2022 г.) (Запись № 13145348)

Подробности
000 -МАРКЕР
контрольное поле 03047nam0a2200421 4500
001 - ИДЕНТИФИКАТОР ЗАПИСИ
контрольное поле RU\NLR\BIBL_A\016359115
005 - ИДЕНТИФИКАТОР ВЕРСИИ
контрольное поле 20230613144433.0
010 ## - МЕЖДУНАРОДНЫЙ СТАНДАРТНЫЙ НОМЕР КНИГИ (ISBN)
Номер (ISBN) 978-5-9238-0274-0
Тираж 500
021 ## - НОМЕР ГОСУДАРСТВЕННОЙ РЕГИСТРАЦИИ
Код страны Российская Федерация
Номер КН-П-23-021314
Номер Листа государственной регистраци КН-П-23-2116
035 ## - ДРУГИЕ СИСТЕМНЫЕ НОМЕРА
Идентификатор записи (NLR Aleph) 016359115
100 ## - ДАННЫЕ ОБЩЕЙ ОБРАБОТКИ
Данные общей обработки 20230428d2023 k y0rusy50 ca
101 0# - ЯЗЫК РЕСУРСА
Язык текста, звукозаписи и т.д. русский
-- английский
102 ## - СТРАНА ПУБЛИКАЦИИ ИЛИ ПРОИЗВОДСТВА
Страна публикации Российская Федерация
105 ## - ПОЛЕ КОДИРОВАННЫХ ДАННЫХ: ТЕКСТОВЫЕ МАТЕРИАЛЫ, МОНОГРАФИЧЕСКИЕ
Кодированные данные о монографическом текстовом документе ac||z|||110zy
181 #0 - ПОЛЕ КОДИРОВАННЫХ ДАННЫХ: ВИД СОДЕРЖАНИЯ
Код вида содержания (ISBD) i
Код характеристики содержания (ISBD) axxe
182 #0 - ПОЛЕ КОДИРОВАННЫХ ДАННЫХ: ТИП СРЕДСТВА
Код типа средства (ISBD) n - непосредственное
200 1# - ЗАГЛАВИЕ И СВЕДЕНИЯ ОБ ОТВЕТСТВЕННОСТИ
Основное заглавие Материалы 56-й Всероссийской научно-практической конференции с международным участием молодых ученых, специалистов-агрохимиков и экологов, посвященной 150-летию со дня рождения академика Константина Каэтановича Гедройца "Современные проблемы агрохимии, агропочвоведения и агроэкологии" (28 ноября 2022 г.)
Первые сведения об ответственности Министерство науки и высшего образования Российской Федерации (Минобрнауки России), Федеральное государственное бюджетное научное учреждение "Всероссийский научно-исследовательский институт агрохимии имени Д. Н. Прянишникова"
203 ## - ВИД СОДЕРЖАНИЯ И ТИП СРЕДСТВА
Вид содержания Текст
Дополнительные сведения об издании визуальный
Тип средства непосредственный
210 ## - ПУБЛИКАЦИЯ, РАСПРОСТРАНЕНИЕ И ДР.
Место издания, распространения и т.д. Москва
Имя издателя, распространителя и т. д. ВНИИА
Дата издания, распространения и т.д. 2023
215 ## - ФИЗИЧЕСКАЯ ХАРАКТЕРИСТИКА
Специфическое обозначение материала и объем 184 с.
Другие сведения о физической характеристике ил., цв. ил., портр.
Размеры 21
300 ## - ОБЩИЕ ПРИМЕЧАНИЯ
Текст примечания Часть текста англ.
320 ## - ПРИМЕЧАНИЯ О НАЛИЧИИ В ДОКУМЕНТЕ БИБЛИОГРАФИИ / УКАЗАТЕЛЯ
Текст примечания Библиогр. в конце докл.
600 #1 - ИМЯ ЛИЦА КАК ПРЕДМЕТ
Начальный элемент ввода Гедройц
Часть имени, кроме начального элемента ввода К. К.
Даты 1872 - 1932
Расширение инициалов личного имени Константин Каэтанович
Системный номер авторитетной/нормативной записи 899251
Идентификатор авторитетной/нормативной записи RU\NLR\AUTH\666482
606 1# - НАИМЕНОВАНИЕ ТЕМЫ КАК ПРЕДМЕТ
Наименование темы Сельскохозяйственная экология
Формальный подзаголовок Съезды, совещания и т.п
Системный номер авторитетной/нормативной записи 1133792
Идентификатор авторитетной/нормативной записи RU\NLR\AUTH\66450547
606 1# - НАИМЕНОВАНИЕ ТЕМЫ КАК ПРЕДМЕТ
Наименование темы Почвоведение
Формальный подзаголовок Съезды, совещания и т.п
Системный номер авторитетной/нормативной записи 1086020
Идентификатор авторитетной/нормативной записи RU\NLR\AUTH\66106273
606 1# - НАИМЕНОВАНИЕ ТЕМЫ КАК ПРЕДМЕТ
Наименование темы Агрономическая химия
Формальный подзаголовок Съезды, совещания и т.п
Системный номер авторитетной/нормативной записи 898911
Идентификатор авторитетной/нормативной записи RU\NLR\AUTH\666293
686 1# - ИНДЕКСЫ ДРУГИХ КЛАССИФИКАЦИЙ
Индекс П028я431(2)
686 1# - ИНДЕКСЫ ДРУГИХ КЛАССИФИКАЦИЙ
Индекс П03я431(2)
686 1# - ИНДЕКСЫ ДРУГИХ КЛАССИФИКАЦИЙ
Индекс П04я431(2)
686 1# - ИНДЕКСЫ ДРУГИХ КЛАССИФИКАЦИЙ
Индекс П03д(2)Гедройц
702 #1 - ИМЯ ЛИЦА - ВТОРИЧНАЯ ОТВЕТСТВЕННОСТЬ
Начальный элемент ввода Гедройц
Часть имени, кроме начального элемента ввода К. К
Даты 1872-1932
Расширение инициалов личного имени Константин Каэтанович
Код отношения Объект посвящения
710 12 - НАИМЕНОВАНИЕ ОРГАНИЗАЦИИ - ПЕРВИЧНАЯ ОТВЕТСТВЕННОСТЬ
Начальный элемент ввода "Современные проблемы агрохимии, агропочвоведения и агроэкологии", всероссийская научно-практическая конференция с международным участием молодых ученых, специалистов-агрохимиков и экологов
Порядковый номер временной организации и / или порядковый номер ее части 56
Место проведения временной организации Москва
Дата проведения временной организации 2022
Системный номер авторитетной/нормативной записи 848385
Идентификатор авторитетной/нормативной записи RU\NLR\AUTH\880591430
942 ## - ДОПОЛНИТЕЛЬНЫЕ ЭЛЕМЕНТЫ ЗАПИСИ (АБИС)
Тип экземпляра АБИС Книга
980 ## - КОЛЛЕКЦИЯ
Название коллекции Национальная библиография
Экземпляры
Тип экземпляра Дата поступления Источник поступления Стоимость Библиотека постоянного хранения Библиотека текущего хранения Место хранения Шифр хранения Штрих-код Статус экземпляра
Книга 28.04.2023 Обязательный экземпляр 0.00 РНБ (Московский) РНБ (Московский) Русский книжный фонд: издания с 1957 года 2023-3/10062 1-4196608  
Книга 28.04.2023 Обязательный экземпляр 0.00 РНБ (Московский) РНБ (Московский) Русский книжный фонд: издания с 1957 года 2023-3/10062 1-4196609